01434nam a2200337Ia 450000500170000000700030001700800410002002000180006104000350007904100080011408200220012210000400014424501100018425000220029426400380031630000710035433600270042533700330045233800280048549000210051352100420053454500670057665000370064365000370068065000380071770000440075594200120079999900150081195201370082695201330096320220317001546.0ta210826s2012 ck ad gr 000 0 spa d a9789587620016 aCO-BoRNBPbspaerdacCO-BoRNBP0 aspa04a658.382bA48s2221 aÁlvarez Heredia, Franciscoeautor10aSalud ocupacional y prevenciónbguía prácticacFrancisco Álvarez Heredia, Enriqueta Faizal Geagea aPrimera edición 1aBogotábEdiciones de la Uc2012 a195 páginasbilustraciones, gráficas en blanco y negro c24 cm atextobtxt2rdacontent asin mediaciónbn2rdamedia avolumenbnc2rdacarrier aAdministración aRecomendado para un público adulto  aIncluye datos biográficos del autor en la contracarátula 17aSalud ocupacionalvGuías2LEMB17aEnfermedades ocupacionales2LEMB17aAdministración industrial2LEMB1 aFaizal Geagea, Enriquetaeautora975747 2ddccBK c7367d7367 00102ddc40708GENaMECASARIbMECASARIcGENd2024-11-10l0o658.382 A48SpBM0001491r2024-11-10 10:03:39tEj.1w2024-11-10yBK 00102ddc40708GENaMEMAPJGAbMEMAPJGAcGENd2025-11-11l0o658.382 A48spMPJG01004r2025-11-11 21:57:36tEj.1w2025-11-11yBK